Effects of rabbit urine to the growth performance of chili pepper (capsicum frutescens)// (Record no. 86979)

MARC details
000 -LEADER
fixed length control field 03743nam a22002537a 4500
003 - CONTROL NUMBER IDENTIFIER
control field URS
005 - DATE AND TIME OF LATEST TRANSACTION
control field 20250930093159.0
008 - FIXED-LENGTH DATA ELEMENTS--GENERAL INFORMATION
fixed length control field 250930b |||||||| |||| 00| 0 eng d
050 ## - LIBRARY OF CONGRESS CALL NUMBER
Classification number LG 221.R59
Item number .Ef366 2025
245 10 - TITLE STATEMENT
Title <a href="Effects of rabbit urine to the growth performance of chili pepper (capsicum frutescens)//">Effects of rabbit urine to the growth performance of chili pepper (capsicum frutescens)//</a>
Statement of responsibility, etc Saavedra, Enrico Djimon E. et al., (2025)
260 #1 - PUBLICATION, DISTRIBUTION, ETC. (IMPRINT)
Date of publication, distribution, etc 2025
300 ## - PHYSICAL DESCRIPTION
Extent xi. 84 leaves
Other physical details Illustrations
Dimensions 28cm
336 ## - CONTENT TYPE
Source rdacontent
Content type term text
337 ## - MEDIA TYPE
Source rdamedia
Media type term unmediated
338 ## - CARRIER TYPE
Source rdacarrier
Carrier type term volume
502 ## - DISSERTATION NOTE
Dissertation note Undergraduate Thesis<br/>
Degree type Bachelor of Science in Agriculture major in Crop Science<br/>
Name of granting institution University of Rizal system, Rodriguez, Rizal<br/>
Year degree granted 2025
520 ## - SUMMARY, ETC.
Summary, etc This study investigated the growth performance of chili hot pepper (Capsicum frutescens) under various experimental treatments. The objective was to determine the impact of different ratio of rabbit to the growth performance of chili hot pepper in terms of plant height, number of flowers, number of undeveloped fruits and yield. This research underwent three treatments with three replication each treatment, treatment 1 was the control group with pure distilled water, treatment 2 which had a ratio of 1 liter of rabbit urine and 5 liters of distilled water, and treatment 3 which had 2 liters of rabbit urine and 5 liters of distilled water.<br/>The study was conducted in Amityville, San Jose, Montalban, Rizal, from September 2024 to January 2025, and involved a total of 54 chili hot peppers.<br/>The result showed an overview of the growth performance of chili hot pepper. The plant height was measured at the end of the research. Flower counts were recorded throughout the flowering period and was recorded per week. The number of undeveloped flowers was also recorded per week. Yield was determined by measuring the weight of harvested fruits per plant. This research showed that treatment 2 with a ratio of 1 liter of rabbit urine and 5 liters of distilled water has a higher output than the control group under treatment 3.<br/>This study on the effect of rabbit urine to the growth performance of chili hot pepper had used one way ANOVA to compare different treatments conducted, showed that there was no significant effect to the growth performance of chili hot<br/>You sent<br/>pepper in terms of average plant height, number of flowers, number of undeveloped flowers and yield.<br/>The research result showed that treatment 2 had the highest outcome in terms of height with an 86.38 centimeter, followed by treatment 3 with 81.17 centimeter, and lastly treatment 1 with 66.00 centimeter. In terms of number of flower treatment 2 has the highest outcome with 47.11average pieces followed by treatment 3 with 29.77 average pieces and lastly treatment 1 with an average piece of 16. when it comes to the number of undeveloped flowers the result showed that treatment 3 had the highest result with an 3.20 average pieces followed by treatment 2 with a average of 2.35 and treatment 1 with an average of 1.71. In terms of yield the highest outcome was treatment 2 with an average gram of 104.83 followed by treatment 3 with a 65.67 average grams and treatment 2 with 33.33 average grams.<br/>The researcher recommended to create a new ratio of distilled water and rabbit urine, use tap water to reduce the high cost of materials and gain profit, use the rabbit urine in different subject plants, extend the duration of the experiment and market the product in bulk and equal the price to the local market.
650 ## - SUBJECT ADDED ENTRY--TOPICAL TERM
Source of heading or term Effects of rabbit urine
700 ## - ADDED ENTRY--PERSONAL NAME
Personal name Bauzon, Stephanie F.
Relator term Researcher
700 ## - ADDED ENTRY--PERSONAL NAME
Personal name Lopez, Mathew T.
Relator term Researcher
700 ## - ADDED ENTRY--PERSONAL NAME
Personal name Lazaga, Angel D.
Relator term Researcher
700 ## - ADDED ENTRY--PERSONAL NAME
Personal name Lagrada, Soterania A.
Relator term Research Adviser
942 ## - ADDED ENTRY ELEMENTS (KOHA)
Source of classification or shelving scheme Library of Congress Classification
Koha item type Theses and dissertations
Holdings
Withdrawn status Source of classification or shelving scheme Damaged status Not for loan Collection code Home library Current library Shelving location Date acquired Total Checkouts Full call number Barcode Date last seen Copy number Price effective from Koha item type
  Library of Congress Classification   Not For Loan Non-fiction Rodriguez College Library Rodriguez College Library Graduate School Theses & Dissertations 09/30/2025   LG 221.R59 .Ef366 2025 URSROD-UGT-CS-1485 09/30/2025 c1 09/30/2025 Theses and dissertations

University of Rizal System
Email us at univlibservices@urs.edu.ph

Visit our Website www.urs.edu.ph/library